Quick Pick: Star Trek Actors Quiz Stats

Quiz Updated Oct 8, 2017

Challenge
Share
Tweet
Score 0/0 Timer 00:00
0 Plays Today
% Correct
William Shatner
91.4%
Leonard Nimoy
89.2%
George Takei
89.2%
Nichelle Nichols
85.9%
Jane Wyatt
81.5%
James Doohan
71.7%
Walter Koenig
71.6%
Ricardo Montalbán
71.2%
DeForest Kelley
63.5%
Jeffrey Hunter
52.3%

Today's Daily Dose

You're not logged in!

Compare scores with friends on all Sporcle quizzes.
Sign Up with Email
OR
Log In

You Might Also Like...

Show Comments

Extras

Top Quizzes Today


Score Distribution

Your Account Isn't Verified!

In order to create a playlist on Sporcle, you need to verify the email address you used during registration. Go to your Sporcle Settings to finish the process.

Report this User

Report this user for behavior that violates our Community Guidelines.

Details: